000 00621nam a22002057a 4500
003 DO-SdBNP
005 20210623112851.0
007 ta
008 210617e2019 dr ||||gr|||| 001 0 spa d
020 _a9789945918274
040 _aDO-SdBNP
_bspa
_cBNPHU
041 _hspa
082 _bC822d
100 1 _aCoronado, Cristian
_978906
245 1 3 _aEn desacuerdo :
_b"cuando estar en contra se hace necesario" /
_cCristian Coronado ; Santiago Ponciano , pról.
260 _aSanto Domingo:
_bPublicaciones Libertad ,
_c2019
300 _a119 p.;
_c21 cm
700 _aPonciano , Santiago
_epról.
_978907
942 _2ddc
_cLBS1
999 _c49955
_d49955